Probleme der Methodik und Bedeutung des Sekretin-Pancreocymin-Testes (mit Marker 57Co Vit B12) /

Hlavní autor: Hildebrand, Walter
Korporativní autor: Johannes Gutenberg-Universität
Jazyk: Němčina
Vydáno: Mainz : W. Hildebrand, 1977
Fyzický popis: 68 s.
Knihy
Uloženo v:
LEADER 00746nam a22002172a 4500
001 001159724
003 CZ BrMZK
005 20111201090232.0
007 ta
008 110722s1977 gw er|||||||||||ger d
040 |a BOA001  |b cze 
100 1 |a Hildebrand, Walter  |4 dis 
245 1 0 |a Probleme der Methodik und Bedeutung des Sekretin-Pancreocymin-Testes (mit Marker 57Co Vit B12) /  |c Walter Hildebrand 
260 |a Mainz :  |b W. Hildebrand,  |c 1977 
300 |a 68 s. 
502 |a Disertace--Johannes Gutenberg-Universität, 1977 
710 2 |a Johannes Gutenberg-Universität  |7 ko2003164334 
910 |a BOA001  |b 2-0801.758 
990 |a BK 
991 |b 201107 
996 7 |b 2619433970  |c 2-0801.758  |l MZK  |r Sklad / do 1 hodiny  |n 0  |w 001192790  |u 000010  |a 1  |e BOA001  |j MZK50  |s A